01377nam a22002417a 4500008004100000020001800041040000800059041000800067050002900075100003700104245003900141260003500180300003100215520054900246650002600795650005100821650003500872651007100907655004100978942000801019952009301027999001501120250626b |||||||| |||| 00| 0 eng d a9780008663797 ctbs aeng aPS3613 b.O.5644G64 2024 aMoore, Lizd1983-925607eauthor aThe god of the woodsc/ Liz Moore. aLondon,bBorough Press,c2024. a435 pages :bmap ;c24 cm. aSome said it was tragic, what happened to the Van Laars. Some said the Van Laars deserved it. That they never even thanked the searchers who stayed out for five nights in the freezing forest trying to help find their missing son. Some said there was a reason it took the family so long to call for help. That they knew what happened to the boy. Now, fifteen years later, the daughter the family had in their grief has gone missing in the same wilderness as her brother. Some say the two disappearances aren’t connected. Some say they are. 0aCampsvFiction925608 0aMissing personsxInvestigationvFiction925609 0aFamily secretsvFiction923679 0aAdirondack Mountains (N.Y.)xHistoryy20th centuryvFiction925610 0aDetective and mystery fiction923664 2lcc 00102lcc4070aTBSbTBSd2025-06-26l0oP-EN MOOpB05799r2025-06-26t1w2025-06-26y1 c4805d4805